Govt. of
Madhya Pradesh

The moplah rebellion 1921 (Record no. 68897)

MARC details
000 -LEADER
fixed length control field 00296nam a22001217a 4500
020 ## - INTERNATIONAL STANDARD BOOK NUMBER
ISBN 978-93-85485-22-0
082 ## - DEWEY DECIMAL CLASSIFICATION NUMBER
Classification number 954/NAI
100 ## - MAIN ENTRY--AUTHOR NAME
Personal name Nair,C Gopalan
245 ## - TITLE STATEMENT
Title The moplah rebellion 1921
260 ## - PUBLICATION, DISTRIBUTION, ETC. (IMPRINT)
Place of publication New dehli
Name of publisher Voice of india
Year of publication 2020
650 ## - SUBJECT ADDED ENTRY--TOPICAL TERM
Topical Term Indian history
942 ## - ADDED ENTRY ELEMENTS (KOHA)
Koha item type Books
Holdings
Withdrawn status Lost status Damaged status Not for loan Home library Current library Date acquired Cost, normal purchase price Full call number Accession Number Price effective from Koha item type
        MACL MACL 02/04/2026 360.00 954/NAI CRE040410 02/04/2026 Books